000 01401nam a2200361 i 4500
003 EG-GICUC
005 20260409201135.0
008 260409s1975 fr ||||fr|||| 00| 0 fre d
020 _a2275013423
040 _aEG-GiCUC
_bfre
_cEG-GiCUC
_dEG-GiCUC
_eRda
041 _afre
082 0 4 _221
_a343.37224
_bBO . C
092 0 4 _221
099 _aLaw1 10 343.37224 BO . C 1975
100 1 _aBolongo, Likulia
_eAuteur
245 1 3 _aLa compétence d'attribution des juridictions militaires en temps de paix en droit comparé zaïrois, belge et français /
_cpar Likulia Bolongo ; préf. de Raymond Gassin.
264 1 _aParis :
_bLibrairie générale de droit et de jurisprudence,
_c1975.
300 _aT XVIII, 332 pages ;
_c25 cm.
336 _2rda contenu
_a texte
337 _2rda medias
_aOrdinateur
338 _2 transporteur rda
_a Ressource en ligne
490 _aBibliothèque de sciences criminelles ;
_vTome XVIII (18)
504 _aComprend des références Bibliography: p. [311]-317.
546 _aTexte en français
650 1 _aDroit pénal
650 1 _aDroit de procédure pénale
650 1 _aCourts-martial and courts of inquiry
_zBelgium
_zFrance
_zCongo (Democratic Republic)
650 1 _aJustice militaire
700 1 _aGassin,Raymond
_ePréfacier
856 4 0 _uhttps://fll.law.cu.edu.eg/fulltext/bks/B10-09059.pdf
905 _a43
942 _2ddc
_n0
_cBK
_e21
999 _c69910
_d69910